A textbook of engineering chemistry (Record no. 4952)

MARC details
000 -LEADER
fixed length control field 00290nam a2200121Ia 4500
082 ## - DEWEY DECIMAL CLASSIFICATION NUMBER
Classification number 540
Item number JAI
100 ## - MAIN ENTRY--PERSONAL NAME
Personal name Jain,Neelima
245 #2 - TITLE STATEMENT
Title A textbook of engineering chemistry
260 ## - PUBLICATION, DISTRIBUTION, ETC. (IMPRINT)
Name of publisher, distributor, etc Vayu Education of India
Place of publication, distribution, etc New Delhi
Year of Publication 2010
300 ## - PAGE DESCRIPTION
No. of Pages 240p.
700 ## - ADDED ENTRY--PERSONAL NAME
Personal name Gupta,Vibha
942 ## - ADDED ENTRY ELEMENTS (KOHA)
Source of classification or shelving scheme Dewey Decimal Classification
Koha item type Books
Holdings
Withdrawn status Lost status Source of classification or shelving scheme Damaged status Not for loan Home library Current library Date acquired SGTU Total Checkouts Full call number Accession No. (Barcode) Date last seen Bill Date Koha item type Date last borrowed Total Renewals
    Dewey Decimal Classification     SGT Engineering Library SGT Engineering Library 28/04/2010 SGTU   540 JAI FE1926 09/02/2015 09/02/2015 Books    
  Lost and Paid For Dewey Decimal Classification     SGT Engineering Library SGT Engineering Library 28/04/2010 SGTU 7 540 JAI FE1927 12/09/2018 09/02/2015 Books 31/08/2018  
    Dewey Decimal Classification     SGT Engineering Library SGT Engineering Library 28/04/2010 SGTU 5 540 JAI FE1928 30/06/2025 09/02/2015 Books 30/06/2025 1
    Dewey Decimal Classification     SGT Engineering Library SGT Engineering Library 28/04/2010 SGTU 4 540 JAI FE2023 12/12/2018 09/02/2015 Books 14/11/2018 1
    Dewey Decimal Classification     SGT Engineering Library SGT Engineering Library 28/04/2010 SGTU   540 JAI FE2024 09/02/2015 09/02/2015 Books    
    Dewey Decimal Classification     SGT Engineering Library SGT Engineering Library 28/04/2010 SGTU 2 540 JAI FE2025 21/12/2021 09/02/2015 Books 03/05/2019